Developing, administering, and evaluating adult education

Bibliographic Details
Main Author: Knox, Alan Boyd , 1931- (Author)
Format: Book
Published: San Francisco : Jossey-Bass , 1980
Series:Adult Education Association handbook series in adult education
Subjects:

MARC

LEADER 00000cam a2200000 7i4500
001 0000007367
005 20170604093000.0
008 021119n
020 |a 0875894674 
090 0 0 |a LC5215   |b .K63 
100 0 |a Knox, Alan Boyd ,   |d 1931- ,   |e author 
245 0 0 |a Developing, administering, and evaluating adult education   |c Alan B. Knox and Associates 
260 2 |a San Francisco :   |b Jossey-Bass ,   |c 1980 
300 |a 299 p. ; ;   |c 24 cm. 
440 0 0 |a Adult Education Association handbook series in adult education 
504 |a Includes bibliography (p. 263) and index 
650 0 |a Adult education 
999 |a 1000032878   |b Book   |c OPEN SHELF (30 DAYS)   |e Gong Badak Campus